00269nam a2200109 a 4500008004100000050001500041100001900056245002300075246004300098260000900141350000900150120416s1971 xx |||||||||||||| || u aNC 800 Hac aHackett, Brian10aLandscape planning aan introduction to theory and practice c1971 a0.00